| 000 | 00506nam a2200157 a 4500 | ||
|---|---|---|---|
| 008 | 120416s1986 ||||||||||||||||| || u | ||
| 020 | _a0675209846 | ||
| 050 | _aHF 5429 Lew | ||
| 100 | _aLewison, Dale M | ||
| 245 | 1 | 0 | _aRetailing |
| 250 | _a3rd ed. | ||
| 260 |
_aColumbus, Ohio _bMerrill _c1986 |
||
| 300 | _axvi, 798p. : ill. | ||
| 350 | _a0.00 | ||
| 995 |
_D0.00 _FCBU-MAIN LIBRARY (Kitwe) _H1 _I30.00 _UAVAILABLE _ZMain Library Open Access Collection |
||
| 999 |
_c56423 _d56423 |
||